Central Library OPAC University of Rajshahi

Plato's life and thought / (Record no. 56769)

MARC details
000 -LEADER
fixed length control field 00775nam a2200241 a 4500
001 - CONTROL NUMBER
control field 56769
003 - CONTROL NUMBER IDENTIFIER
rucl marc code BD-RJUL
005 - DATE AND TIME OF LATEST TRANSACTION
control field 20211209080430.0
008 - FIXED-LENGTH DATA ELEMENTS--GENERAL INFORMATION
fixed length control field 161204s1949 xx 000 0 eng u
035 ## - SYSTEM CONTROL NUMBER
System control number BD-RJUL 56893
040 ## - CATALOGING SOURCE
Original cataloging agency ORL
Modifying agency EQO
Language of cataloging eng
Transcribing agency BD-RjUL
041 ## - LANGUAGE CODE
Language code of text/sound track or separate title eng
082 ## - DEWEY DECIMAL CLASSIFICATION NUMBER
Classification number 184
Edition number 23
Author mark and year BLP 1949
100 1# - MAIN ENTRY--PERSONAL NAME
Personal name Bluck, R. S.
Fuller form of name (Richard Stanley)
9 (RLIN) 168815
245 10 - TITLE STATEMENT
Title Plato's life and thought /
Statement of responsibility, etc. with a trans. of the Seventh letter
260 ## - PUBLICATION, DISTRIBUTION, ETC. (IMPRINT)
Place of publication, distribution, etc. London :
Name of publisher, distributor, etc. Routledge & Paul,
Date of publication, distribution, etc. [1949]
300 ## - PHYSICAL DESCRIPTION
Pagination 200 p. :
Illustrations ill. ;
Size 19 cm
504 ## - BIBLIOGRAPHY, ETC. NOTE
Bibliography, etc "Brief bibliography": p. 191-192. "References": p. 193-195
600 00 - SUBJECT ADDED ENTRY--PERSONAL NAME
Personal name Plato.
700 0# - ADDED ENTRY--PERSONAL NAME
Personal name Plato.
942 ## - ADDED ENTRY ELEMENTS (KOHA)
Source of classification or shelving scheme Dewey Decimal Classification
Koha item type Books
Holdings
Lost status Source of classification or shelving scheme Damaged status Not for loan Collection code Permanent Location Current Location Shelving location Date acquired Source of acquisition Cost, normal purchase price Total Checkouts Full call number Date last seen Copy number Koha item type
  Dewey Decimal Classification   Not For Loan Non-fiction Central Library, University of Rajshahi Central Library, University of Rajshahi Reading Room 04/02/1956 Allies Books cor. 7.11   184 BLP 1949 04/12/2016 C-1 Books